Statistics for Nadopuni stihove

Click here to take the quiz!

General Stats

  • This quiz has been taken 227 times
  • The average score is 7 of 15

Answer Stats

pjesmeodgovori% Correct
_____ __ ________
ove noći,hajde zaljubi se
u moje oči
hajde da ludujemo
93%
___ ___ _____ ima s tim
kad te više ne volim
kat te više ne volim
sto sad ljubav
83%
kroz moje stare đepove
vjetrovi mi prolaze,
a kroz cipele ____ ______
kise jesenje
82%
______ __ _____
Jer na tebe mislim curice
Napile jer nocas me
Zvijezde svrbe k'o bubuljice
napile se ulice
74%
______ ___ ____ ______ __ ______
igrala je igru sa njom nema šale
još i danas laže da sam bio prvi
igrala je igru to joj je u krvi
lagala nas mala presla ko budale
62%
______,______
jedna ruka mazi druga ruka krade
lopove
61%
____ _______
uvijek su iste boje
na njima ljubav caruje
moje zastave
59%
Nevrime i nesrića, neće na nas nikada
Dođe li jedna tvoja suza do neba
Slidin tvoje korake, rukan tiran oblake
I _____ __ ___ da s tobom ću ić ravno prid Boga
dajem ti ric
55%
___ __ __ _____,
i drugi puta ću pametnije
jer fališ mi do bola
ovo mi je skola
35%
pada kiša na polju,
kaplje mi po prozoru,
a ja ____ ___ ____
sama kod kuce
35%
Ma _____ __ ___ ___
što ide unazad
da vječno budeš mlada
da vječno budem mlad
kupit cu nam sat
25%
istok,zapad svako brani svoje,a
ja nesmjen ___ ___ __ ___ ____
ono sto je moje oduvijek
22%
o ne,ne,ne,ne dolazi
__ ______ _ ___ ___
ne budi me svake noći
zbog tebe sam nesretan
ne dolazi u moj san
16%
____, ponoć kuca
Za tobom mi srce puca
Jer znam, da ću večeras biti sam
Uzalud se trudim
azra
15%
______ ____
opomenu šalje,putniče stani
ni koraka dalje
bijeli kriz
12%

Score Distribution

Percentile by Number Answered

Percent of People with Each Score

Your Score History

You have not taken this quiz